Métodos experimentales de laboratorio en química orgánica

Bibliographic Details
Main Authors: Pomilio, Alicia B, Vitate, Arturo A
Format: Section = Libro
Language:Undetermined
Spanish
Published: Washington D. C. OEA 1988
Subjects:
LEADER 00521nam a2200193Ia 4500
008 240829s9999 xx 000 0 und d
020 |a 0-8270-2808-3 
040 |a BIBLIOTECA-RUSB/ 547.3 P785 
041 |a spa 
082 |a 547.3 P785 
100 1 |a Pomilio, Alicia B  
100 1 |b  Vitate, Arturo A 
245 1 0 |a Métodos experimentales de laboratorio en química orgánica 
260 |a Washington D. C.  |b OEA  |c 1988 
300 |a 86 p. :il. 
650 7 |a QUIMICA ANALITICA 
942 |c BK  |2 ddc 
991 |a TEXTO 
999 |c 2538